000 00589nam a2200217Ia 4500
005 20221109094850.0
008 131103s9999 xx 000 0 und d
020 _cRs.5
040 _aLoreto College
041 _aEnglish
082 _a954.02
_bSAR
100 _aSarkar,Jadunath
245 _aMughal Administration
_cJadunath Sarkar
250 _a4th ed (rev. and enl. ed.)
260 _aCalcutta
_bM.C.Sarkar & Sons Ltd.
_c1952
300 _avii,256 p.
504 _aIncludes index and bibliographical references
650 _aMedieval History
850 _aLCLIB
942 _cBK
999 _c9503
_d59982